<?xml version="1.0" encoding="UTF-8"?>
<record
    xmlns:xsi="http://www.w3.org/2001/XMLSchema-instance"
    xsi:schemaLocation="http://www.loc.gov/MARC21/slim http://www.loc.gov/standards/marcxml/schema/MARC21slim.xsd"
    xmlns="http://www.loc.gov/MARC21/slim">

  <leader>01269nab a22002777a 4500</leader>
  <datafield tag="999" ind1=" " ind2=" ">
    <subfield code="c">6555</subfield>
    <subfield code="d">6555</subfield>
  </datafield>
  <controlfield tag="003">OSt</controlfield>
  <controlfield tag="005">20260224112850.0</controlfield>
  <controlfield tag="008">190506c        xxu||||| |||| 00| 0 spa d</controlfield>
  <datafield tag="040" ind1=" " ind2=" ">
    <subfield code="c">PJ</subfield>
  </datafield>
  <datafield tag="100" ind1=" " ind2=" ">
    <subfield code="9">5725</subfield>
    <subfield code="a">Funes, Mar&#xED;a Emilia</subfield>
  </datafield>
  <datafield tag="245" ind1="1" ind2="0">
    <subfield code="a">Equidad de g&#xE9;nero en la promoci&#xF3;n laboral :</subfield>
    <subfield code="b">igualdad ante la ley, mejor a&#xFA;n igualdad de oportunidades /</subfield>
    <subfield code="c">Mar&#xED;a Emilia Funes.</subfield>
  </datafield>
  <datafield tag="260" ind1=" " ind2=" ">
    <subfield code="a">Buenos Aires :</subfield>
    <subfield code="b">AbeledoPerrot,</subfield>
    <subfield code="c">2024.</subfield>
  </datafield>
  <datafield tag="300" ind1=" " ind2=" ">
    <subfield code="a">p. 3-7</subfield>
  </datafield>
  <datafield tag="500" ind1=" " ind2=" ">
    <subfield code="a">Cita: TR LALEY AR/DOC/1676/2024.</subfield>
  </datafield>
  <datafield tag="505" ind1=" " ind2=" ">
    <subfield code="a">Sumario: I. &#xBF;De qu&#xE9; hablamos?&#x2014; II. Protecci&#xF3;n legal.&#x2014; III. La realidad.&#x2014; IV. Jurisprudencia.&#x2014; V. Reforma del T&#xED;tulo VII de la LCT.&#x2014; VI. Conclusiones.&#x2014; VII. Fuentes.</subfield>
  </datafield>
  <datafield tag="505" ind1=" " ind2=" ">
    <subfield code="t">&#xBF;Te interesa el texto completo? Comunicate al correo: koha@justierradelfuego.gov.ar</subfield>
  </datafield>
  <datafield tag="650" ind1=" " ind2="0">
    <subfield code="9">1316</subfield>
    <subfield code="a">DERECHO LABORAL</subfield>
  </datafield>
  <datafield tag="650" ind1=" " ind2="0">
    <subfield code="9">4044</subfield>
    <subfield code="a">PERSPECTIVA DE G&#xC9;NERO</subfield>
  </datafield>
  <datafield tag="650" ind1=" " ind2="0">
    <subfield code="9">1487</subfield>
    <subfield code="a">TRABAJO DE MUJERES</subfield>
  </datafield>
  <datafield tag="650" ind1=" " ind2="0">
    <subfield code="9">4925</subfield>
    <subfield code="a">ORGANIZACION INTERNACIONAL DEL TRABAJO</subfield>
  </datafield>
  <datafield tag="650" ind1=" " ind2="0">
    <subfield code="9">5189</subfield>
    <subfield code="a">IGUALDAD DE OPORTUNIDADES</subfield>
  </datafield>
  <datafield tag="650" ind1=" " ind2="0">
    <subfield code="9">1406</subfield>
    <subfield code="a">INCAPACIDAD LABORAL</subfield>
  </datafield>
  <datafield tag="650" ind1=" " ind2="0">
    <subfield code="9">1482</subfield>
    <subfield code="a">LEY SOBRE RIESGOS DEL TRABAJO</subfield>
  </datafield>
  <datafield tag="773" ind1="0" ind2=" ">
    <subfield code="0">2751</subfield>
    <subfield code="9">3202</subfield>
    <subfield code="d">Buenos Aires : AbeledoPerrot,  2013-</subfield>
    <subfield code="t">Revista de derecho laboral y seguridad social. N&#xBA; 15 - Agosto 2024</subfield>
  </datafield>
  <datafield tag="942" ind1=" " ind2=" ">
    <subfield code="2">udc</subfield>
    <subfield code="c">ANA</subfield>
  </datafield>
</record>
